000 00685nam a2200229 a 4500
001 17907
003 CO-ViMGA
008 141112s2004 ck r 000 u spa d
020 _a9968380687
040 _aCO-ViMGA
_bspa
_cCO-ViMGA
082 0 4 _a340.072 C175me
100 1 _aCarnelutti, Francesco
_925332
245 1 0 _aMetodología y arte del derecho . Vol (1)
260 _aMexico,
_cJuridica,
_c2001
300 _a95.p.
490 _aGrandes maestros de la Filosofía del derecho
590 _aForma de adquisición : Premio - Mincultura
650 1 4 _aDERECHO ENSEÑANZA
_925333
650 1 4 _aFILOSOFIA DEL DERECHO
650 1 4 _aMETODOLOGIA DEL DERECHO
_97723
942 _2ddc
_cBK
999 _c27311
_d27311